000 00692nam a2200265Ia 4500
005 20260121170918.0
008 008 260114s9999 xx 000 0 eng d
020 _a9789811322518
037 _aEBOOK
040 _aCRL
040 _beng
040 _cCRL
041 _2eng
041 _aeng
084 _qCRL
100 _aSudesh Kumar Yadav, Vinay Kumar, Sudhir P Singh
_91069706
245 0 _aRecent Trends and Techniques in Plant Metabolic Engineering
260 _bSpringer
260 _bSpringer
260 _c2018
856 _uhttps://link.springer.com/openurl?genre=book&isbn=978-981-13-2251-8
942 _cEBOOK
999 _c1635436
_d1635436